| 000 | 01223cam a2200265 a 4500 | ||
|---|---|---|---|
| 020 | _a0934035563 (v. 1) : | ||
| 020 | _a0934035989 (v. 2) : | ||
| 082 | 0 | 0 |
_a620/.00420285 _bSMI _cL-1, P-60 |
| 100 | 1 | _aSmith, Joseph | |
| 245 | 1 | 0 |
_aMaximizing AutoCAD / _cJoseph Smith and Rusty Gesner ; with technical assistance from Patrick Haessly. |
| 260 |
_aGresham, Or. : _bNew Riders Pub., _cc1991. |
||
| 300 |
_a2 v. : _bill. ; _c24 cm. + _e2 computer disks (5 1/4 in.) |
||
| 500 | _aIncludes indexes. | ||
| 500 | _aSystem requirements for computer disk: PC; PC- or MS-DOS 3.0 or later; AutoCAD (Release 10 or 11); hard disk with at least 2Mb of free space; graphics display and a mouse or digitizer tablet, all configured for AutoCAD. | ||
| 500 | _aVol. 2 is rev. ed. of: Inside AutoLISP. 1st ed. 1989; v. 1 is rev. ed. of: Customizing AutoCAD. 1988, 1989. | ||
| 505 | 1 | _av. 1. Customizing AutoCAD with macros & menus -- v. 2. Inside AutoLISP. | |
| 526 |
_a0 _b0 _c0 _d620_004202850000000_SMI |
||
| 650 | 0 | _aAutoLISP (Computer program language) | |
| 650 | 0 |
_aMCE _9379 |
|
| 700 | 1 | _aGesner, Rusty. | |
| 700 | 1 | _aHaessly, Patrick. | |
| 700 | 1 |
_aSmith, Joseph _940542 |
|
| 700 | 1 |
_aSmith, Joseph _940542 |
|
| 942 |
_2ddc _cBK |
||
| 999 |
_c544798 _d544798 |
||